Dragon Ball Personnages par Images - Statistiques

Statistiques générales
  • Ce quiz a été pris 45 fois
  • Le résultat moyen est 61 sur 227
Statistiques - réponses
Par images Réponse % Correct
Bulma
100%
Son Gokû
100%
Kame Sennin / Tortue Géniale
78%
Kuririn / Krilin
78%
Chichi
75%
Yamcha
72%
Shenron
67%
C-16
58%
Cell
58%
Freezer / Frieza
58%
Hercule / Mr. Satan
58%
Raditz
58%
Son Gohan
58%
Vegeta
58%
Bardack / Bardock / Baddack
56%
C-17
56%
C-18
56%
C-19
56%
Nappa
56%
Oolong
56%
Piccolo
56%
Son Goten
56%
Ten Shin Han
56%
Trunks
56%
Yajirobé
56%
Boo / Buu
53%
C-20 / Dr. Gero
53%
Chaozu
53%
Dâbra / Dabla
53%
Dende
53%
Gotenks / Gotrunks
53%
Mr. Popo
53%
Puerh / Plume
53%
Trunks du Futur
53%
Vegetto / Vegeku
53%
Videl
53%
Dodoria
50%
Kaiô du Nord
50%
Oob / Uub
50%
Pilaf
50%
Roi Vegeta
50%
Son Gohan du Futur
50%
Aralé Norimaki
47%
Babidi
47%
Bulma du Futur
47%
Grand-Père Son Gohan
47%
Karin
47%
Lunch
47%
Maï
47%
Pan
47%
Tao Pai Pai
47%
Umigame / Tortue de Mer
47%
Zâbon / Zarbon
47%
C-8
44%
Ghourd / Guldo
44%
Ginyû
44%
Grand Roi Cold
44%
Jeese / Jeice
44%
Nail
44%
Piccolo Daimaô / Satan Petit-Cœur
44%
Butta / Burter
42%
Grand Roi Enma
42%
Kaiô Shin de l'Est
42%
Kami-sama / Tout-Puissant
42%
Kid Boo
42%
Kiwi
42%
Marron
42%
Uranai Baba / Baba la Voyante
42%
Arbitre du Tenka Ichi Budôkai
39%
Kibito
39%
Nam
39%
Polunga
39%
Spopovitch / Sporovitch
39%
Apple
36%
Bibidi
36%
Bra
36%
Cell Jr.
36%
Dr. Brief
36%
Gyûmaô
36%
Jackie Chun
36%
Super Boo
36%
Yakon / Yako
36%
Bacterian / Bactérie
33%
Garlic Jr.
33%
Général Blue
33%
Général Red
33%
Great Saiyaman
33%
Gregory
33%
Kibitoshin
33%
Paikûhan / Paulkouane
33%
Pui Pui
33%
Reacum / Recoome
33%
Shû
33%
Tambourine
33%
Tsuru Sennin / Maître des Grues
33%
Bubbles
31%
Colonel Black
31%
Saibaimen
31%
Vieux Kaiô Shin
31%
Yam / Yamu
31%
Drum
28%
Evil Boo
28%
Kaiô de l'Est
28%
Kaiô de l'Ouest
28%
Kaiô du Sud
28%
Lanfan / Ranfan
28%
Upa
28%
Cymbal
25%
Draculaman
25%
Général White
25%
Guilan
25%
Kaiô Shin du Nord
25%
Mîra / Momie
25%
Piano
25%
Ackman
22%
Béé
22%
Bora
22%
Colonel Violet
22%
Fermier
22%
Kaiô Shin de l'Ouest
22%
Kaiô Shin du Sud
22%
Kokuô / Roi de la Terre
22%
Roi Chappa
22%
Suke / Homme Invisible
22%
Boing
19%
Colonel Silver
19%
Dai Kaiô / Grand Kaiô
19%
Dai Kaio Shin / Grand Kaiô Shin
19%
Maron / Marlène
19%
Mûri
19%
Mutaito
19%
Otoko Ôkami / Homme-Garou
19%
Pamputt
19%
Saichôrô / Grand Doyen Guru
19%
Shen
19%
Toninjinka / To le Carotteur
19%
Ninja Murasaki
17%
Robot Pirate
17%
Sergent Metallic
17%
Snow / Suno
17%
Capitaine Yellow
14%
Ptéranodon
14%
Turbo Norimaki
14%
Captain Chicken
11%
Carony / Macaroni
11%
Mighty Mask
11%
Bikini
8%
Cargot
8%
Erasa
8%
Garlic
8%
Idâsa
8%
Ikôse
8%
Jewel
8%
Katatts
8%
Okabe / Fantôme
8%
Pizza
8%
Sanzoku Guma / Ours Brigand
8%
Sharpner
8%
Taro Soramame
8%
Aka
6%
Angela
6%
Anton le Grand
6%
Cha
6%
Cranberry
6%
Gasshu
6%
Gozu
6%
Hebi Hime / Princesse Serpent
6%
Jimmy Firecracker
6%
Killer / Killa
6%
Knock
6%
Kon
6%
Mezu
6%
Nao
6%
Ôren
6%
Otokosky / Otokosuki
6%
Papoye
6%
Président du Tenka Ichi Budôkai
6%
Puntar / Punta
6%
Raspberry
6%
Suppaman
6%
Tama
6%
Vinegar
6%
Zard
6%
Acqua
3%
Akane Kimidori
3%
Banan
3%
Blueberry
3%
Brocco
3%
Capitaine Dock
3%
Caterpy
3%
Chapchai
3%
Dr. Frappé
3%
Fisshi
3%
Frog
3%
Gala
3%
Gatchan / Gajira Norimaki
3%
Gonma
3%
Gyaosu
3%
Husky
3%
Idasam
3%
Killerno
3%
Malaiko
3%
Malaka
3%
Midori Norimaki
3%
Mo Kekko / Tigre
3%
Napple
3%
Obotchaman
3%
Olivu / Olibu
3%
Onion / Panpukin
3%
Pagos
3%
Paozu
3%
Piroshki / Tortellini
3%
Pocawatha
3%
Raichi / Raiti
3%
Roi Nikochan
3%
Senbei Norimaki
3%
Sherman Priest
3%
Smitty
3%
Sûi
3%
Tapikar
3%
Tard
3%
Tommy
3%
Torbie
3%
Tsukutsun Tsun
3%
Tsuno
3%
Van Zant
3%
Zakuro / Zaacro
3%
Aucun quiz correspondant
Distribution des résultats
% des personnes avec chaque résultat
Percentile par nombre de réponses
Votre historique - résultats
Vous n’avez pas pris ce quiz